Score 0/32 Timer 05:00
0 Plays Today
Hint Word % Correct
Toothpaste flavourMINT
94.1%
Chinese dynastyMING
92.1%
ChatTALK
91.9%
StoryTALE
91.2%
Heads and tailsCOIN
90.7%
King of the Empire State buildingKONG
89.4%
✯ 2004 Grisham thriller: ____ of Torts ✯KING
89.3%
Sail holderMAST
88.2%
Biblical brotherCAIN
88.2%
Highland attireKILT
87.7%
Beer ingredientMALT
87.4%
Mahjong pieceTILE
87.1%
SlantTILT
86.9%
✯ 1977 King horror story, Children of the ____CORN
86.8%
IsolatedLONE
86.3%
Disney, for exampleWALT
85.6%
Hint Word % Correct
✯ 1989 Grisham thriller, A [Green Rung] to ____KILL
83.8%
✯ 2003 Grisham thriller: The ____ Juror ✯LAST
83.2%
✯ 1979 King horror, The [Yellow Rung] ____WALK
82.4%
✯ 1979 King horror, The ____ [Yellow Rung] ✯LONG
81.6%
Shopping aidLIST
77.7%
✯ Horror story in King's Dark Forces, The ____MIST
77.5%
✯ 1989 Grisham thriller, A ____ to [Green Rung] ✯TIME
76.2%
✯ 1995 Grisham thriller, The ____maker ✯RAIN
72.9%
ControlTAME
72.8%
Parachute partCORD
72.6%
Voda____, british telecom co.FONE
67.4%
Up toTILL
66.5%
RevealTELL
60.9%
Tiger's cryFORE
56%
✯ ____ County, Grisham novella collection ✯FORD
54.8%
✯ 2006 King horror ✯CELL
26.6%

Today's Daily Dose

Missing Word
I Hardly Know Her!

Word Ladder
Sentence Ending

Quick Pick
Female Firsts

Get the Picture
Triathlon Sports

Remove Ads.
Support Sporcle.
Get the best of Sporcle when you Go Orange. This ad-free experience offers more features, more stats, and more fun while also helping to support Sporcle. Thank you for becoming a member.

You're not logged in!

Compare scores with friends on all Sporcle quizzes.
OR
Log In

Show Comments

Extras

Top Quizzes Today


Score Distribution

Your Account Isn't Verified!

In order to create a playlist on Sporcle, you need to verify the email address you used during registration. Go to your Sporcle Settings to finish the process.

Report this User

Report this user for behavior that violates our Community Guidelines.

Details: